Sports Quiz

Random Sports or Football Quiz

NFL 10,000 Receiving Yards, 80 TDs Quiz Stats

 Plays Quiz Updated Jan 8, 2018

Challenge
Share
Tweet
Embed
Score 0/22 Timer 05:00
1 Play Today
Yards/TDs Player % Correct
22,895/197*Jerry Rice
98.6%
15,292/156Randy Moss
94.6%
15,545/110+Larry Fitzgerald
91.7%
14,580/128*Marvin Harrison
86.5%
14,731/81Steve Smith
86.5%
15,934/153Terrell Owens
85.9%
11,619/83Calvin Johnson
81.8%
14,345/82Reggie Wayne
81.5%
13,899/130*Cris Carter
78.2%
15,208/91Isaac Bruce
77.1%
14,934/100*Tim Brown
76.4%
Yards/TDs Player % Correct
15,127/111Tony Gonzalez
73.9%
12,083/85Hines Ward
67.8%
11,508/114+Antonio Gates
67.7%
13,089/100*Steve Largent
58.3%
13,198/87*Andre Reed
57.3%
13,779/82Anquan Boldin
57.1%
12,215/82+Brandon Marshall
36.6%
10,205/84Andre Rison
27.2%
12,785/84Irving Fryar
18.7%
10,266/85*Lance Alworth
17%
11,834/88*Don Maynard
16%

You're not logged in!

Compare scores with friends on all Sporcle quizzes.
Join for Free
OR
Log In

You Might Also Like...

Show Comments

Extras

Top Quizzes Today


Score Distribution

Your Account Isn't Verified!

In order to create a playlist on Sporcle, you need to verify the email address you used during registration. Go to your Sporcle Settings to finish the process.

Report this User

Report this user for behavior that violates our Community Guidelines.

Details: